<?xml version="1.0" encoding="UTF-8"?>
<marc:record xmlns:marc="http://www.loc.gov/MARC21/slim">
   <marc:leader>00000nam a2200000 a 4500</marc:leader>
   <marc:datafield ind1="1" ind2=" " tag="100">
      <marc:subfield code="a">Täuber, Anna</marc:subfield>
      <marc:subfield code="4">aut</marc:subfield>
      <marc:subfield code="e">Verfasser/-in</marc:subfield>
   </marc:datafield>
   <marc:datafield ind1="0" ind2="0" tag="245">
      <marc:subfield code="a">Schräge Vögel – SOKO Neuntöter</marc:subfield>
   </marc:datafield>
   <marc:datafield ind1="0" ind2="0" tag="245">
      <marc:subfield code="b">Kriminalroman | Cosy Crime – Vogelfreunde aufgepasst</marc:subfield>
   </marc:datafield>
   <marc:datafield ind1="0" ind2="0" tag="245">
      <marc:subfield code="c">Anna Täuber</marc:subfield>
   </marc:datafield>
   <marc:datafield ind1=" " ind2="1" tag="264">
      <marc:subfield code="a">Frankfurt am Main</marc:subfield>
      <marc:subfield code="b">FISCHER Scherz</marc:subfield>
      <marc:subfield code="c">2025</marc:subfield>
   </marc:datafield>
   <marc:datafield ind1=" " ind2=" " tag="250">
      <marc:subfield code="a">1. Auflage</marc:subfield>
   </marc:datafield>
   <marc:datafield ind1="1" ind2=" " tag="520">
      <marc:subfield code="a">Harald, Katja, Thilo und Sabine haben eine gemeinsame Leidenschaft: Sie beobachten Vögel. Jeden Sonntag treffen sie sich in aller Herrgottsfrühe auf dem Beobachtungsturm im Grabenstätter Moos am Chiemsee, um nach einem seltenen Exemplar Ausschau zu halten. Doch an diesem Sonntag bietet sich ihnen ein schrecklicher Anblick: Frank, ebenfalls ein begeisterter Hobby-Ornithologe, liegt tot im Gehölz. Ein tragischer Unfall, sagt die Polizei. Eiskalter Mord, sagen die Vogelbeobachter. Und fangen direkt an zu ermitteln. Trotz anfänglicher Turbulenzen und wenig ermittlerischer Vorerfahrung stellen sie bald fest, dass sie goldrichtig lagen. Denn Frank eilte ein Ruf voraus, und er war alles andere als ein unbeschriebenes Blatt.</marc:subfield>
   </marc:datafield>
   <marc:datafield ind1=" " ind2=" " tag="020">
      <marc:subfield code="a">9783651001374</marc:subfield>
      <marc:subfield code="9">9783651001374</marc:subfield>
   </marc:datafield>
   <marc:datafield ind1=" " ind2=" " tag="041">
      <marc:subfield code="a">ger</marc:subfield>
   </marc:datafield>
   <marc:datafield ind1=" " ind2=" " tag="300">
      <marc:subfield code="a">368 Seiten</marc:subfield>
   </marc:datafield>
</marc:record>
